| 000 | 00682cab a2200229 4500 | ||
|---|---|---|---|
| 001 | ABS37304 | ||
| 008 | 090401t1987 xxu||||| |||| 00| 0 eng d | ||
| 035 | _a(Sirsi) u3626 | ||
| 041 | _aeng | ||
| 110 |
_aRoyal Institution of Chartered Surveyors _bInsurance Services _9643 |
||
| 245 | _aLiability: spread the load fairly | ||
| 260 | _c1987 | ||
| 350 | _a0 | ||
| 490 |
_aChartered Surveyor Weekly _v18(4) 29 January 1987, 54 (1) |
||
| 520 | _aA short article on professional indemnity insurance premiums . | ||
| 650 | _aLATENT DAMAGE ACT 1986 | ||
| 650 | _aPROFESSIONAL NEGLIGENCE | ||
| 650 | _aSURVEYORS | ||
| 690 |
_aInsurance _96249 |
||
| 942 | _n0 | ||
| 948 | _c04/03/1997 | ||
| 999 |
_c2229 _d2229 |
||